00525nam a2200193 a 4500001001300000003000900013005001700022008004100039020002300080082001500103100002700118245004200145260005000187300000900237500003500246505001000281650001300291700002700304nice12345678IN_TiNIC20260116014037.0050524s2001 cama grp 000 0 eng  a052122X c47600a294.5bWIL aWilliams, Ramond Brady aIntroduction to Swaminarayan Hinduism aCambridge bCambridge University Press c2001 a253p aincludes index and biblioraphy2 aIndex aHinduism1 aWilliams, Ramond Brady